| 000 | 00827pam a2200277 a 4500 | ||
|---|---|---|---|
| 001 | 4680437 | ||
| 005 | 20170822174809.0 | ||
| 008 | 811008s1982 cau 000 0 eng | ||
| 010 | _a 81047832 | ||
| 020 | _a0060613084 | ||
| 040 |
_aDLC _cDLC _dBSU |
||
| 050 | 0 | 0 |
_aBT761.2 _b.C33 1982 |
| 082 | 0 | 0 |
_a234 CAP _219 |
| 100 | 1 |
_aCapon, Robert Farrar. _97223 |
|
| 245 | 1 | 0 |
_aBetween noon and three : _ba parable of romance, law, and the outrage of grace / _cRobert Farrar Capon. |
| 250 | _a1st ed. | ||
| 260 |
_aSan Francisco : _bHarper & Row, _cc1982. |
||
| 300 |
_a178 p. ; _c22 cm. |
||
| 650 | 0 |
_aGrace (Theology) _98651 |
|
| 650 | 0 |
_aLaw and gospel. _96390 |
|
| 650 | 0 |
_aEthics. _9142 |
|
| 650 | 0 |
_aSexual ethics. _98652 |
|
| 658 | _aReligion | ||
| 906 |
_a7 _bcbc _corignew _d1 _eocip _f19 _gy-gencatlg |
||
| 942 |
_2ddc _cBK |
||
| 999 |
_c4107 _d4107 |
||